专名和日本常用姓氏相同的中国县级行政区 - Statistics

General Stats
  • This quiz has been taken 13 times
  • The average score is 20 of 37
Answer Stats
姓氏排名 人数(大约) 地级行政区 县级行政区 % Correct
42位 301000 广东省深圳市 福田区
100%
200位 102000 湖南省益阳市 南县
100%
127位 145000 四川省攀枝花市 东区
82%
223位 94400 内蒙古自治区包头市 青山区
82%
223位 94400 湖北省武汉市 青山区
82%
245位 87100 四川省攀枝花市 西区
82%
519位 36900 山东省烟台市 福山区
82%
530位 36300 广东省深圳市 盐田区
82%
694位 27300 上海市直辖 金山区
82%
57位 260000 辽宁省大连市 中山区
73%
58位 257000 新疆维吾尔自治区和田地区 和田市
73%
58位 257000 新疆维吾尔自治区和田地区 和田县
73%
172位 118000 云南省昆明市 西山区
73%
307位 69200 河南省郑州市 中原区
73%
999位 17700 天津市直辖 河西区
73%
313位 66700 内蒙古自治区赤峰市 松山区
55%
20位 516000 甘肃省天水市 清水县
45%
67位 228000 陕西省榆林市 横山区
45%
216位 97900 四川省绵阳市 北川羌族自治县
45%
689位 27500 云南省玉溪市 江川区
45%
957位 18700 四川省南充市 南部县
45%
986位 17900 云南省昭通市 大关县
45%
218位 97400 河北省石家庄市 平山县
36%
218位 97400 辽宁省本溪市 平山区
36%
219位 97000 河南省新乡市 牧野区
36%
280位 75500 贵州省铜仁市 江口县
36%
334位 61700 福建省宁德市 古田县
36%
336位 61400 河北省廊坊市 大城县
36%
389位 51400 甘肃省白银市 平川区
36%
632位 30100 陕西省咸阳市 三原县
36%
642位 29700 河南省鹤壁市 山城区
36%
961位 18600 河北省唐山市 玉田县
36%
321位 63900 四川省达州市 大竹县
27%
339位 61200 湖南省永州市 新田县
27%
448位 43700 福建省三明市 大田县
27%
296位 72100 黑龙江省绥化市 安达市
18%
486位 39600 河北省石家庄市 深泽县
18%
No matching quizzes found
Score Distribution
Percent of People with Each Score
Percentile by Number Answered
Your Score History
You have not taken this quiz